000 00427cam a22001457a 4500
008 180718b1997 xxu||||| |||| 00| 0 eng d
020 _a0951731319
082 _aY4x54 B318
100 _aBates, J.J.
245 _aBats of the Indian subcontinent
_cby Paul J.J. Bates and David L. Harrison
260 _aSevenoaks
_bHarrison Zoological Museum
_c1997
300 _a258p.
650 _aBats - India
700 _aHarrison, David L.
999 _c400400
_d400400